[Event "Cappelle-la-Grande 2014"]
[Site "Cappelle-la-Grande (FRA)"]
[Date "????.??.??"]
[Round "6.37"]
[White "Dumitrache, Dragos-Nicolae"]
[Black "Manet, Anthony"]
[Result "1-0"]
[WhiteElo "2453"]
[BlackElo "1863"]
[PlyCount "113"]

1. d4 d5 2. c4 c6 3. Nf3 Nf6 4. e3 Bf5 5. Nc3 e6 6. Nh4 Bg6 7. Qb3 Qc7 8. Nxg6
hxg6 9. Bd2 Nbd7 10. h3 Nb6 11. cxd5 exd5 12. Bd3 Bd6 13. Rc1 Qe7 14. a4 Bb4
15. Nb1 a5 16. Bc3 Ne4 17. Nd2 f5 18. Ke2 O-O 19. g3 Rae8 20. Bxe4 fxe4 21. Rh2
Rf6 22. Bxb4 axb4 23. Qc2 Ra8 24. Ra1 Raf8 25. a5 Qf7 26. Rf1 Nc4 27. b3 Nxd2
28. Qxd2 Qe7 29. Ra1 Rf3 30. Ke1 Qf6 31. Qe2 c5 32. Rd1 c4 33. bxc4 dxc4 34.
Qxc4+ Kh7 35. Rd2 Qd6 36. Rb2 R8f7 37. Qxb4 Qc6 38. Qd2 Qa4 39. Rc2 R7f5 40. h4
Rxa5 41. Kf1 Qb5+ 42. Kg2 Ra3 43. Rc5 Qd3 44. Rc2 Qb5 45. Rh1 Qd5 46. Rb1 Rd3
47. Qe2 Qd7 48. Rd2 Rc3 49. Qb5 Qd6 50. Qe5 Qxe5 51. dxe5 Rc5 52. Rxb7 Rxe5 53.
Rdd7 Ref5 54. Rxg7+ Kh8 55. Rxg6 Rxf2+ 56. Kh3 R5f3 57. Re6 1-0

[Event "Cappelle-la-Grande 2014"]
[Site "Cappelle-la-Grande (FRA)"]
[Date "????.??.??"]
[Round "6.38"]
[White "Cornette, Matthieu"]
[Black "Lopez, Jasel"]
[Result "1-0"]
[WhiteElo "2566"]
[BlackElo "2202"]
[PlyCount "59"]

1. c4 c6 2. Nf3 d5 3. d4 Nf6 4. g3 e6 5. Qc2 Be7 6. Bg2 O-O 7. O-O Nbd7 8. Nbd2
b6 9. e4 Bb7 10. e5 Ne8 11. cxd5 exd5 12. Re1 Nc7 13. Nf1 Ne6 14. Ne3 g6 15. b3
c5 16. Bb2 Rc8 17. Qd2 a6 18. Rad1 cxd4 19. Nxd4 Ndc5 20. Qe2 Rc7 21. f4 Re8
22. f5 Ng5 23. e6 fxe6 24. Ng4 exf5 25. Nxf5 gxf5 26. Qe5 Bf8 27. Nf6+ Kf7 28.
Nxe8 Re7 29. Qxf5+ Kxe8 30. Qxg5 1-0

[Event "Cappelle-la-Grande 2014"]
[Site "Cappelle-la-Grande (FRA)"]
[Date "????.??.??"]
[Round "6.39"]
[White "Baryshpolets, Andrey"]
[Black "Van Hoolandt, Patrick"]
[Result "1-0"]
[WhiteElo "2558"]
[BlackElo "2194"]
[PlyCount "71"]

1. e4 e5 2. Nf3 Nc6 3. Bb5 Nf6 4. d3 Bc5 5. c3 O-O 6. O-O Re8 7. Nbd2 a6 8.
Bxc6 dxc6 9. Nc4 Bg4 10. Bg5 h6 11. Bh4 g5 12. Bg3 Nd7 13. b4 Bf8 14. h3 Bh5
15. Bh2 Qf6 16. g4 Bg6 17. Kg2 Rad8 18. Qe2 c5 19. bxc5 Bxc5 20. Rfe1 b5 21.
Ncxe5 Nxe5 22. Nxe5 Rxe5 23. Bxe5 Qxe5 24. d4 Bxd4 25. cxd4 Rxd4 26. f3 f6 27.
Rad1 Ra4 28. Rd5 Qc3 29. e5 fxe5 30. Rxe5 Bf7 31. Re8+ Kg7 32. Re7 Qf6 33. Rxc7
Ra3 34. Rd1 Kf8 35. Rdd7 Be8 36. Rc8 1-0

[Event "Cappelle-la-Grande 2014"]
[Site "Cappelle-la-Grande (FRA)"]
[Date "????.??.??"]
[Round "6.40"]
[White "Eingorn, Vereslav S"]
[Black "Salazar, Aura Cristina"]
[Result "1-0"]
[WhiteElo "2556"]
[BlackElo "2182"]
[PlyCount "73"]

1. d4 Nf6 2. c4 g6 3. Nc3 Bg7 4. e4 d6 5. Be2 O-O 6. Nf3 e5 7. d5 a5 8. O-O Na6
9. Bg5 h6 10. Be3 Ng4 11. Bd2 f5 12. exf5 Bxf5 13. h3 Nf6 14. Be3 Ne4 15. Nxe4
Bxe4 16. Nd2 Bf5 17. Bf3 Qh4 18. g3 Qe7 19. Bg2 Bd3 20. Re1 Nb4 21. Be4 Qd7 22.
a3 Bxe4 23. Nxe4 Qf5 24. axb4 Qxe4 25. bxa5 Qxc4 26. Rc1 Qb5 27. Rxc7 Qxa5 28.
Rxb7 Rab8 29. Ra7 Qb4 30. Rf1 h5 31. Qc2 e4 32. Qc7 Qxb2 33. Bh6 e3 34. Qxg7+
Qxg7 35. Rxg7+ Kh8 36. fxe3 Rxf1+ 37. Kxf1 1-0

[Event "Cappelle-la-Grande 2014"]
[Site "Cappelle-la-Grande (FRA)"]
[Date "????.??.??"]
[Round "6.41"]
[White "Djukic, Nikola"]
[Black "Leruste, Georges"]
[Result "1-0"]
[WhiteElo "2551"]
[BlackElo "2179"]
[PlyCount "57"]

1. e4 d5 2. exd5 Qxd5 3. Nc3 Qa5 4. d4 Nf6 5. Nf3 Bf5 6. Ne5 c6 7. Bd3 Bxd3 8.
Qxd3 Qa6 9. Qf3 Nbd7 10. Bg5 e6 11. Bxf6 Nxf6 12. g4 Bd6 13. Nxf7 Kxf7 14. g5
Qa5 15. gxf6 gxf6 16. O-O-O Qf5 17. Qe2 Rhg8 18. Ne4 Rad8 19. Ng3 Qg4 20. f3
Qg5+ 21. Kb1 Bxg3 22. hxg3 Qxg3 23. Rxh7+ Rg7 24. Rxg7+ Qxg7 25. Qh2 Rd5 26. a3
Rg5 27. Qb8 Rg1 28. Qxb7+ Kg8 29. Qb8+ 1-0

[Event "Cappelle-la-Grande 2014"]
[Site "Cappelle-la-Grande (FRA)"]
[Date "????.??.??"]
[Round "6.42"]
[White "Dgebuadze, Alexandre"]
[Black "Salles, Louis"]
[Result "1-0"]
[WhiteElo "2521"]
[BlackElo "2178"]
[PlyCount "49"]

1. d4 Nf6 2. Nf3 g6 3. Nc3 d5 4. Bf4 Bg7 5. Qd2 Ne4 6. Nxe4 dxe4 7. Ne5 b5 8.
e3 c6 9. f3 f6 10. Ng4 Bxg4 11. fxg4 Qd7 12. a4 bxa4 13. Bc4 e5 14. Bg3 exd4
15. exd4 c5 16. Qe2 Nc6 17. dxc5 f5 18. c3 Be5 19. gxf5 Bxg3+ 20. hxg3 Qxf5 21.
Rf1 Qxc5 22. O-O-O Rd8 23. Qxe4+ Ne5 24. Bd5 Qe7 25. Bc6+ 1-0

[Event "Cappelle-la-Grande 2014"]
[Site "Cappelle-la-Grande (FRA)"]
[Date "????.??.??"]
[Round "6.43"]
[White "Varoquier, Romain"]
[Black "Kurajica, Bojan"]
[Result "0-1"]
[WhiteElo "2197"]
[BlackElo "2505"]
[PlyCount "124"]

1. e4 c5 2. c4 Nc6 3. Nc3 g6 4. g3 a6 5. a3 Bg7 6. Rb1 d6 7. Bg2 f5 8. Nge2
fxe4 9. Nxe4 Nh6 10. O-O Nf5 11. b4 cxb4 12. axb4 Nfd4 13. d3 Bg4 14. f3 Bd7
15. Bg5 O-O 16. Kh1 b5 17. c5 Nxe2 18. Qxe2 h6 19. Qa2+ Kh8 20. Bf4 a5 21. cxd6
Nxb4 22. Qd2 Rxf4 23. Qxf4 Nxd3 24. Qd2 Ne5 25. Rfd1 Bc6 26. Qe2 Nc4 27. f4 Qe8
28. d7 Bxd7 29. Rxd7 Qxd7 30. Nc5 Qa7 31. Rxb5 Nd6 32. Rb1 Rb8 33. Rxb8+ Qxb8
34. Bd5 Qb5 35. Qxb5 Nxb5 36. Be4 g5 37. Kg2 Bd4 38. Na4 Kg7 39. Bd3 Nd6 40.
Kf3 Kf6 41. Kg4 gxf4 42. gxf4 Ke6 43. h3 Ne8 44. Bc4+ Kd6 45. Kh5 Be3 46. Kxh6
e5 47. Kg6 exf4 48. Kf5 Ng7+ 49. Kg6 Ne6 50. Kf5 Nc5 51. Nc3 f3 52. Kg4 f2 53.
Kf3 Bd4 54. Nd1 Nb3 55. Ke2 f1=Q+ 56. Kxf1 Nd2+ 57. Ke2 Nxc4 58. Kd3 Kc5 59.
Nc3 Ne5+ 60. Kc2 Bxc3 61. Kxc3 Nf3 62. Kb3 Kb5 0-1

[Event "Cappelle-la-Grande 2014"]
[Site "Cappelle-la-Grande (FRA)"]
[Date "????.??.??"]
[Round "6.44"]
[White "Castellanos Rodrigue, Renier"]
[Black "Borsuk, Angela"]
[Result "0-1"]
[WhiteElo "2488"]
[BlackElo "2174"]
[PlyCount "66"]

1. e4 d5 2. exd5 Qxd5 3. Nc3 Qd6 4. d4 Nf6 5. Nf3 a6 6. g3 Bg4 7. Bg2 Nc6 8.
O-O O-O-O 9. d5 Ne5 10. Bf4 Nxf3+ 11. Bxf3 Qd7 12. Bxg4 Qxg4 13. Re1 Qd7 14.
Qd4 b6 15. Rad1 Kb7 16. Be5 h5 17. h4 Ne8 18. a4 f6 19. d6 fxe5 20. Qe4+ c6 21.
a5 exd6 22. axb6 Qg4 23. Qd3 d5 24. Rxe5 Nf6 25. Ra1 Qc4 26. Qg6 Qd4 27. Rf5
Qxb6 28. Na4 Qc7 29. Rf3 Ne4 30. Rb3+ Ka7 31. Nc3 Nxc3 32. Rxc3 Rh6 33. Qd3 c5
0-1

[Event "Cappelle-la-Grande 2014"]
[Site "Cappelle-la-Grande (FRA)"]
[Date "????.??.??"]
[Round "6.45"]
[White "Naumkin, Igor"]
[Black "Roger, Mehdi"]
[Result "0-1"]
[WhiteElo "2477"]
[BlackElo "2173"]
[PlyCount "126"]

1. d4 Nf6 2. c4 g6 3. Nc3 d5 4. cxd5 Nxd5 5. e4 Nxc3 6. bxc3 Bg7 7. Bc4 c5 8.
Ne2 O-O 9. O-O Nc6 10. Be3 Bg4 11. f3 Na5 12. Bd3 cxd4 13. cxd4 Be6 14. Qa4 a6
15. d5 Bxa1 16. Rxa1 Bd7 17. Qd4 f6 18. e5 Bb5 19. Rd1 Bxd3 20. Rxd3 fxe5 21.
Qxe5 Nc4 22. Qe6+ Rf7 23. Bd4 Qc8 24. Rc3 b5 25. Qe4 Qf5 26. Qh4 Rd8 27. a4
Rxd5 28. axb5 axb5 29. Rc1 e5 30. Bf2 Qd7 31. Nc3 Rd3 32. h3 Nd2 33. Bg3 Rdxf3
34. Be1 Rf1+ 35. Kh2 Qd4 36. Qxd4 exd4 37. Nxb5 Nb3 38. Rb1 d3 39. Rxb3 Rxe1
40. Rxd3 Rff1 41. Nd4 Rd1 42. Rxd1 Rxd1 43. Nf3 Kg7 44. g4 Kf6 45. Kg3 h6 46.
Nh4 Rd3+ 47. Nf3 g5 48. Kg2 Ke6 49. h4 gxh4 50. Nxh4 Ke5 51. Nf5 h5 52. Nh6 h4
53. Nf5 h3+ 54. Kh2 Kf4 55. Nh6 Ra3 56. Nf7 Kxg4 57. Ne5+ Kf4 58. Ng6+ Kg5 59.
Ne5 Rb3 60. Nc6 Kg4 61. Nd4 Rb2+ 62. Kg1 h2+ 63. Kh1 Kh3 0-1

[Event "Cappelle-la-Grande 2014"]
[Site "Cappelle-la-Grande (FRA)"]
[Date "????.??.??"]
[Round "6.46"]
[White "Cieza, Arcadio"]
[Black "Bailet, Pierre"]
[Result "0-1"]
[WhiteElo "2185"]
[BlackElo "2477"]
[PlyCount "150"]

1. b3 e5 2. Bb2 Nc6 3. e3 Nf6 4. Bb5 Bd6 5. Na3 e4 6. Nc4 Be7 7. Bxc6 dxc6 8.
Ne2 O-O 9. Ng3 Re8 10. O-O Bg4 11. Qe1 h5 12. Ne5 Bd6 13. Nxg4 Nxg4 14. f4 exf3
15. gxf3 Nxh2 16. Kxh2 h4 17. f4 hxg3+ 18. Qxg3 Bf8 19. Rf2 Re6 20. Rg2 Qd5 21.
c4 Qe4 22. Qh3 Rg6 23. Rxg6 Qxg6 24. Rg1 Qc2 25. Bc3 Re8 26. Rg5 Qd3 27. Kg1
Qe2 28. Rg2 Qe1+ 29. Kh2 Re6 30. Be5 Qb1 31. d4 Qe4 32. Bxc7 Qxe3 33. Qxe3 Rxe3
34. Rf2 Rd3 35. Bb8 a6 36. Ba7 Bd6 37. Kg2 f5 38. Kf1 Kf7 39. Ke2 Rc3 40. Kd1
Rh3 41. d5 cxd5 42. Rd2 Bxf4 43. Rxd5 Ke6 44. Rd8 g5 45. Bc5 Rh1+ 46. Kc2 Rh2+
47. Kb1 g4 48. Re8+ Kf6 49. Rf8+ Kg6 50. Rg8+ Kf7 51. Rf8+ Ke6 52. Re8+ Kd7 53.
Re7+ Kc6 54. b4 g3 55. Rf7 g2 56. Rxf5 Bh6 57. b5+ axb5 58. cxb5+ Kd7 59. Rf7+
Kc8 60. Rh7 Rh5 61. Rh8+ Kd7 62. Rg8 Rxc5 63. Rxg2 Rxb5+ 64. Kc2 Bf4 65. Rg4
Bd6 66. Kc3 Kc6 67. Rg8 Rh5 68. a4 Rh3+ 69. Kb2 Rh4 70. Rc8+ Kb6 71. Ra8 Kc5
72. Kc3 Rh3+ 73. Kc2 Kc4 74. Kd2 Bc5 75. Ke2 b6 0-1

[Event "Cappelle-la-Grande 2014"]
[Site "Cappelle-la-Grande (FRA)"]
[Date "????.??.??"]
[Round "6.47"]
[White "Georgescu, Tiberiu-Marian"]
[Black "Jarmula, Pawel"]
[Result "1-0"]
[WhiteElo "2468"]
[BlackElo "2168"]
[PlyCount "197"]

1. Nf3 d5 2. g3 c6 3. Bg2 Nf6 4. O-O Bg4 5. d3 Nbd7 6. Qe1 e5 7. e4 dxe4 8.
dxe4 Be7 9. h3 Bxf3 10. Bxf3 O-O 11. Nd2 Qc7 12. Bg2 Nc5 13. b3 Ne6 14. Nf3 Nd7
15. Bb2 c5 16. Rd1 Rfd8 17. Nh2 Nb6 18. Rxd8+ Rxd8 19. Ng4 f6 20. Ne3 Nd4 21.
c3 Ne6 22. Qe2 Qd7 23. Rd1 Qc7 24. Re1 Qd7 25. Bc1 Nc7 26. Bf1 Bf8 27. h4 Qc6
28. Qf3 Nb5 29. Nf5 Nd6 30. Rd1 Rd7 31. Nxd6 Rxd6 32. Be3 Rxd1 33. Qxd1 Qd6 34.
Qg4 Kh8 35. Bh3 Be7 36. Qh5 g6 37. Qg4 Kg7 38. h5 g5 39. Kh2 Qd3 40. Qe6 Qd6
41. Qf5 Qd8 42. Bg4 Bd6 43. Qf3 Kh8 44. Qd1 Qc7 45. Qe2 Kg7 46. Bf5 Qc6 47. Qg4
Qc7 48. Kg2 Kh6 49. Qd1 Kg7 50. Qd2 Kh6 51. Qe1 Nc8 52. Qd1 Nb6 53. Bg4 Kg7 54.
a4 a5 55. Qf3 Qe7 56. Qf5 Na8 57. Be2 Nb6 58. Bb5 Na8 59. Bd2 Nc7 60. Bc4 Qd8
61. Be3 Kh8 62. Qg4 Qe8 63. Qd1 Qe7 64. Be2 Kg7 65. Bg4 Qf8 66. Qd2 Qe7 67. Bf5
Qf8 68. Qd1 Qe7 69. Bc8 b6 70. Qd2 Kh6 71. Bg4 Kg7 72. Qd3 Qf8 73. Qd1 Qe7 74.
Be2 Qf8 75. Bc4 Qe7 76. Qg4 Kh6 77. Qc8 Ne8 78. Qc6 Bc7 79. Be6 Bd8 80. Bg4 Kg7
81. Bd7 Nd6 82. Bg4 Ne8 83. f4 gxf4 84. gxf4 exf4 85. Bxf4 Kh8 86. Kf3 Qf7 87.
Qd5 Qxd5 88. exd5 Kg7 89. d6 Kf7 90. h6 f5 91. Bxf5 Nf6 92. Bg5 Ke8 93. Be6 Kf8
94. Ke2 Ke8 95. Kd3 Nh5 96. d7+ Kf8 97. Bxd8 Nf4+ 98. Kc4 Nxe6 99. Bf6 1-0

[Event "Cappelle-la-Grande 2014"]
[Site "Cappelle-la-Grande (FRA)"]
[Date "????.??.??"]
[Round "6.48"]
[White "Navrotescu, Andreea"]
[Black "Vishnu Prasanna. V"]
[Result "0-1"]
[WhiteElo "2181"]
[BlackElo "2462"]
[PlyCount "102"]

1. d4 Nf6 2. c4 e6 3. Nf3 Bb4+ 4. Bd2 c5 5. Bxb4 cxb4 6. a3 bxa3 7. Rxa3 O-O 8.
Nc3 d6 9. g3 Nc6 10. Bg2 e5 11. O-O Re8 12. d5 Nb4 13. Nb5 Qb6 14. Qd2 a5 15.
Qe3 Qd8 16. Rc1 b6 17. Ne1 Ba6 18. Nc2 Nbxd5 19. Bxd5 Nxd5 20. cxd5 Bxb5 21.
Rb3 Bc4 22. Rxb6 Rb8 23. Rxb8 Qxb8 24. Qc3 Bxd5 25. Qxa5 Qxb2 26. Qa3 Qxa3 27.
Nxa3 Be6 28. Nb5 d5 29. Rc5 Kf8 30. Nc7 Rd8 31. Nxe6+ fxe6 32. Rc7 Re8 33. Kg2
Re7 34. Rc5 Rd7 35. Kf3 Ke7 36. Kg4 Rb7 37. Rc2 Kd6 38. h4 e4 39. Kf4 e5+ 40.
Ke3 Rb3+ 41. Kd2 d4 42. Ra2 h5 43. Ra7 Rb2+ 44. Ke1 Rb1+ 45. Kd2 Rf1 46. Rxg7
Rxf2 47. Ke1 Rg2 48. Rg8 e3 49. Kd1 Kd5 50. Rg5 Rg1+ 51. Kc2 Re1 0-1

[Event "Cappelle-la-Grande 2014"]
[Site "Cappelle-la-Grande (FRA)"]
[Date "????.??.??"]
[Round "6.49"]
[White "Drasko, Milan"]
[Black "Prevot, Emmanuel"]
[Result "1-0"]
[WhiteElo "2460"]
[BlackElo "2095"]
[PlyCount "71"]

1. Nf3 Nf6 2. g3 b6 3. Bg2 Bb7 4. c4 c5 5. O-O e6 6. Nc3 Be7 7. d4 cxd4 8. Qxd4
d6 9. Bg5 a6 10. Rfd1 Nbd7 11. Qd2 O-O 12. Bf4 Ne8 13. Rac1 Qc7 14. b3 Rc8 15.
Qe3 h6 16. Nd5 Qd8 17. Nxe7+ Qxe7 18. Qd2 e5 19. Be3 f5 20. Nh4 Bxg2 21. Ng6
Qf7 22. Nxf8 Ba8 23. Nxd7 Qxd7 24. f3 Qc7 25. a4 g5 26. b4 f4 27. Bf2 Rd8 28.
c5 bxc5 29. bxc5 d5 30. Qd3 Kg7 31. gxf4 gxf4 32. Bh4 Rc8 33. Qf5 Bc6 34. Kh1
Kh8 35. Qf8+ Kh7 36. Rg1 1-0

[Event "Cappelle-la-Grande 2014"]
[Site "Cappelle-la-Grande (FRA)"]
[Date "????.??.??"]
[Round "6.50"]
[White "Grochal, Joey"]
[Black "Sharif, Mehrshad"]
[Result "1-0"]
[WhiteElo "2176"]
[BlackElo "2444"]
[PlyCount "79"]

1. d4 Nf6 2. c4 e6 3. Nc3 Bb4 4. e3 O-O 5. Nge2 d5 6. a3 Bd6 7. Ng3 c6 8. e4
dxe4 9. Ncxe4 Nxe4 10. Nxe4 Be7 11. Bf4 f5 12. Nc3 Bf6 13. Be5 Bxe5 14. dxe5
Qa5 15. f4 c5 16. Qa4 Qxa4 17. Nxa4 b6 18. Nc3 Nc6 19. Nb5 Kf7 20. Be2 Nd4 21.
Nd6+ Ke7 22. Kf2 Bd7 23. Bf3 Bc6 24. b4 Kd7 25. Rab1 Rab8 26. Rb2 Rg8 27. h4 a6
28. Rhb1 Nxf3 29. gxf3 Kc7 30. Ke3 cxb4 31. axb4 a5 32. b5 Bd7 33. Kd4 h6 34.
Rg2 a4 35. Ra1 Ra8 36. Kc3 Be8 37. Kb4 Bh5 38. Ra3 g6 39. c5 Rg7 40. Rc2 1-0

[Event "Cappelle-la-Grande 2014"]
[Site "Cappelle-la-Grande (FRA)"]
[Date "????.??.??"]
[Round "6.51"]
[White "Nestorovic, Nikola"]
[Black "Goossens, Hanne"]
[Result "1-0"]
[WhiteElo "2434"]
[BlackElo "2092"]
[PlyCount "69"]

1. e4 c5 2. Nf3 d6 3. d4 cxd4 4. Qxd4 Nc6 5. Bb5 Bd7 6. Qd3 g6 7. c4 Bg7 8. Nc3
Nf6 9. h3 O-O 10. O-O Rc8 11. Be3 Ne8 12. Rac1 b6 13. Rfd1 Ne5 14. Nxe5 Bxe5
15. b3 Bxc3 16. Rxc3 f6 17. Bxd7 Qxd7 18. c5 bxc5 19. Bxc5 Qb7 20. Be3 Rxc3 21.
Qxc3 Kg7 22. Rc1 e6 23. Qc6 Qe7 24. Qa8 Kf7 25. Qxa7 Qxa7 26. Bxa7 Ke7 27. h4
Kd7 28. Bb6 f5 29. a4 fxe4 30. a5 Nf6 31. Rc7+ Kd8 32. Rf7+ Ke8 33. Rxf8+ Kxf8
34. a6 Nd7 35. Bc7 1-0

[Event "Cappelle-la-Grande 2014"]
[Site "Cappelle-la-Grande (FRA)"]
[Date "????.??.??"]
[Round "6.52"]
[White "Vallet, Marc"]
[Black "Stella, Andrea"]
[Result "0-1"]
[WhiteElo "2175"]
[BlackElo "2434"]
[PlyCount "80"]

1. e4 e6 2. d4 d5 3. e5 c5 4. c3 Nc6 5. Nf3 Nh6 6. Bd3 cxd4 7. cxd4 Nf5 8. Bxf5
exf5 9. Nc3 Be6 10. Ne2 Be7 11. h4 Rc8 12. Bd2 h6 13. Kf1 b5 14. g3 O-O 15. Kg2
b4 16. Nf4 Qb6 17. Be3 Na5 18. b3 Rc3 19. Ne1 Qa6 20. Rb1 Rfc8 21. Rb2 Bf8 22.
Ned3 Qc6 23. Nxe6 fxe6 24. Nf4 Qd7 25. Qe2 Nb7 26. Qa6 Nd8 27. Rd2 R8c6 28. Qe2
Qc7 29. Rhd1 a5 30. g4 fxg4 31. Qxg4 Qf7 32. Kh2 Rc2 33. Rxc2 Rxc2 34. Rc1 h5
35. Nxh5 Rxc1 36. Bxc1 Qxf2+ 37. Kh1 Qf1+ 38. Qg1 Qf3+ 39. Kh2 Qxh5 40. Bg5 Nf7
0-1

[Event "Cappelle-la-Grande 2014"]
[Site "Cappelle-la-Grande (FRA)"]
[Date "????.??.??"]
[Round "6.53"]
[White "Abergel, Thal"]
[Black "Duverne, Jean-Marie"]
[Result "1-0"]
[WhiteElo "2426"]
[BlackElo "2081"]
[PlyCount "71"]

1. e4 d6 2. d4 Nf6 3. Nc3 Nbd7 4. g4 h6 5. Nf3 c5 6. h3 cxd4 7. Qxd4 g6 8. Be3
Bg7 9. Qd2 a6 10. Bg2 Qc7 11. Nd4 Ne5 12. b3 Bd7 13. f4 Nc6 14. g5 hxg5 15.
fxg5 Nh5 16. Nd5 Qd8 17. O-O-O Rb8 18. Kb1 b5 19. Bf3 Ne5 20. Bxh5 Rxh5 21. h4
a5 22. Nf4 Rh8 23. h5 gxh5 24. Nxh5 Rxh5 25. Rxh5 Qc7 26. Rh7 Bf8 27. Qf2 Bg4
28. Rg1 a4 29. Rxg4 axb3 30. cxb3 Qc3 31. Rg1 Nc4 32. Bc1 Qd3+ 33. Nc2 Ne5 34.
g6 fxg6 35. Rh8 Nf3 36. Rxf8+ 1-0

[Event "Cappelle-la-Grande 2014"]
[Site "Cappelle-la-Grande (FRA)"]
[Date "????.??.??"]
[Round "6.54"]
[White "N'Guyen, Emilien"]
[Black "Carmaciu, Lucian-Catalin"]
[Result "0-1"]
[WhiteElo "2158"]
[BlackElo "2423"]
[PlyCount "114"]

1. d4 d6 2. Nf3 Bg4 3. c4 c6 4. Nc3 Nd7 5. e4 Ngf6 6. Be2 e5 7. O-O Be7 8. d5
Bxf3 9. Bxf3 O-O 10. Be3 c5 11. a3 Ne8 12. Bg4 Nb6 13. Qd3 Bg5 14. Nd1 Bxe3 15.
Nxe3 Nf6 16. Rac1 g6 17. b4 h5 18. bxc5 Na4 19. Bf3 Nxc5 20. Qc2 Qa5 21. Ra1
Rfc8 22. a4 Qd8 23. Rfe1 a5 24. g3 Ra6 25. Reb1 Rb6 26. Rxb6 Qxb6 27. Rb1 Qc7
28. Nf1 Nfd7 29. Nd2 Nb6 30. Ra1 Na6 31. Be2 Nb4 32. Qb3 Nd7 33. Bd1 Qb6 34.
Ra3 Nc5 35. Qe3 Nba6 36. Rb3 Nb4 37. Ra3 Nd7 38. Kg2 Qxe3 39. Rxe3 Nb6 40. Bb3
Na6 41. Kf3 Nc5 42. Bc2 Kf8 43. Ra3 Ke7 44. Ke2 h4 45. Ra1 Kd7 46. Rb1 Kc7 47.
Rb5 hxg3 48. hxg3 Ra8 49. Nb3 Nbxa4 50. Rxa5 Nc3+ 51. Ke3 Rxa5 52. Nxa5 Kb6 53.
Nb3 N3xe4 54. Bxe4 Nxb3 55. f4 exf4+ 56. Kxf4 Kc5 57. Kg5 Nd2 0-1

[Event "Cappelle-la-Grande 2014"]
[Site "Cappelle-la-Grande (FRA)"]
[Date "????.??.??"]
[Round "6.55"]
[White "Brookes, Christopher"]
[Black "Kristiansen, Jens"]
[Result "0-1"]
[WhiteElo "2146"]
[BlackElo "2419"]
[PlyCount "170"]

1. e4 c5 2. Nf3 d6 3. d4 cxd4 4. Nxd4 Nf6 5. Nc3 e6 6. Bc4 Be7 7. O-O O-O 8.
Be3 a6 9. a4 Nc6 10. h3 Qc7 11. Qe2 Na5 12. Ba2 b6 13. f4 Bb7 14. Bf2 Rac8 15.
e5 dxe5 16. fxe5 Nd7 17. Rae1 Nc4 18. Bxc4 Qxc4 19. Qg4 Rfd8 20. Qf4 Bc5 21.
Rd1 Nf8 22. Rd3 Ng6 23. Qe3 Bxd4 24. Rxd4 Rxd4 25. Qxd4 Qc6 26. Qg4 Nxe5 27.
Qg3 Rd8 28. Be3 Ng6 29. Rf2 b5 30. axb5 axb5 31. Qg5 Rb8 32. Qxb5 Qxb5 33. Nxb5
Bxg2 34. Rxg2 Rxb5 35. c4 Rb3 36. Bd4 Nh4 37. Rxg7+ Kf8 38. Bf6 Ng6 39. Rxh7
Rf3 40. Bc3 Rf4 41. c5 Rc4 42. Kf2 Kg8 43. Rg7+ Kf8 44. Rh7 Ke8 45. Rh5 Nf4 46.
Rh8+ Kd7 47. Rh7 Ke8 48. Rh8+ Kd7 49. Rh7 Ke7 50. Rh4 e5 51. Kf3 Ke6 52. Rh6+
f6 53. Rh8 Rxc5 54. Ra8 Nxh3 55. Bd2 Rc2 56. Be3 Rxb2 57. Rh8 Ng5+ 58. Bxg5
fxg5 59. Re8+ Kf6 60. Rf8+ Ke6 61. Re8+ Kf5 62. Rf8+ Kg6 63. Rg8+ Kh6 64. Rh8+
Kg7 65. Re8 Rb5 66. Re6 Kf7 67. Ra6 Rb4 68. Rc6 Rf4+ 69. Ke3 g4 70. Ra6 g3 71.
Ra1 Kf6 72. Rg1 Rg4 73. Kf3 Kf5 74. Kg2 Ra4 75. Rb1 Kg4 76. Rb8 Ra2+ 77. Kg1 e4
78. Rf8 e3 79. Rg8+ Kf3 80. Rf8+ Ke4 81. Rg8 e2 82. Re8+ Kf5 83. Rf8+ Kg6 84.
Rg8+ Kf7 85. Rxg3 e1=Q# 0-1

[Event "Cappelle-la-Grande 2014"]
[Site "Cappelle-la-Grande (FRA)"]
[Date "????.??.??"]
[Round "6.56"]
[White "Tomczak, Mikolaj"]
[Black "Terrieux, Kevin"]
[Result "1/2-1/2"]
[WhiteElo "2138"]
[BlackElo "2418"]
[PlyCount "161"]

1. e4 g6 2. d4 c6 3. Nc3 d5 4. Nf3 Bg7 5. h3 Nh6 6. Bd3 f6 7. Qe2 Nf7 8. O-O
O-O 9. e5 fxe5 10. Nxe5 Nxe5 11. dxe5 Bf5 12. f4 e6 13. Be3 Nd7 14. g4 Bxd3 15.
cxd3 g5 16. fxg5 Bxe5 17. d4 Bg7 18. Qd3 Qc7 19. Kg2 c5 20. g6 Qb6 21. Ne2 hxg6
22. Qxg6 e5 23. Rxf8+ Rxf8 24. Qxb6 axb6 25. dxe5 Nxe5 26. Rd1 Re8 27. Kf2 Rf8+
28. Kg2 Re8 29. Kf2 d4 30. Bc1 c4 31. Nf4 b5 32. Kg2 Nc6 33. g5 d3 34. h4 Nd4
35. Nxd3 cxd3 36. Rxd3 Re2+ 37. Kh3 Rc2 38. Be3 Nf5 39. Bf4 Rc4 40. Bg3 Bxb2
41. Rb3 Bc3 42. Rxb5 Nxg3 43. Kxg3 Be1+ 44. Kf3 Bxh4 45. Rxb7 Bxg5 46. Ra7 Kf8
47. a4 Ke8 48. a5 Bd8 49. a6 Bc7 50. Rb7 Kd7 51. Rb1 Ra4 52. Rd1+ Bd6 53. Rd3
Ke6 54. Rb3 Rxa6 55. Rd3 Kf5 56. Rc3 Be5 57. Rb3 Rh6 58. Rd3 Rh4 59. Re3 Bf4
60. Rd3 Ke5 61. Rd1 Rh3+ 62. Kg2 Ra3 63. Re1+ Kf5 64. Re2 Kg4 65. Rc2 Rh3 66.
Re2 Rh8 67. Rf2 Bg3 68. Re2 Kf4 69. Kf1 Kf3 70. Rf2+ Ke3 71. Re2+ Kd3 72. Re6
Rg8 73. Kg2 Be5+ 74. Kf3 Rf8+ 75. Kg4 Ke4 76. Rg6 Rf1 77. Rg5 Bf6 78. Rg6 Ke5
79. Kh5 Ke6 80. Rg2 Rf4 81. Kg6 1/2-1/2

[Event "Cappelle-la-Grande 2014"]
[Site "Cappelle-la-Grande (FRA)"]
[Date "????.??.??"]
[Round "6.57"]
[White "Piscopo, Pierluigi"]
[Black "Hoffmann, Roger"]
[Result "1-0"]
[WhiteElo "2407"]
[BlackElo "2062"]
[PlyCount "81"]

1. e4 Nf6 2. e5 Nd5 3. d4 d6 4. c4 Nb6 5. f4 dxe5 6. fxe5 c5 7. d5 g6 8. Bd3
Bg7 9. Bf4 O-O 10. Nc3 e6 11. d6 Nc6 12. Nf3 Nd7 13. Qe2 f6 14. exf6 Nxf6 15.
O-O-O e5 16. Bxe5 Bg4 17. h3 Bxf3 18. gxf3 Re8 19. f4 Nd7 20. Qg2 Ndxe5 21.
fxe5 Rxe5 22. h4 Qxd6 23. h5 Re3 24. Be4 Qg3 25. Bd5+ Kh8 26. hxg6 h6 27. Qxg3
Rxg3 28. Ne4 Rxg6 29. Nxc5 Rf8 30. Rhe1 b6 31. Ne6 Rc8 32. Nf4 Rd6 33. Rg1 Ne7
34. Kb1 Nxd5 35. cxd5 Kh7 36. Ne6 Be5 37. Rdf1 Rxd5 38. Nf8+ Kh8 39. Ng6+ Kh7
40. Ne7 Rdc5 41. Rf7+ 1-0

[Event "Cappelle-la-Grande 2014"]
[Site "Cappelle-la-Grande (FRA)"]
[Date "????.??.??"]
[Round "6.58"]
[White "Kukov, Velislav"]
[Black "Feryn, Benjamin"]
[Result "1-0"]
[WhiteElo "2399"]
[BlackElo "2055"]
[PlyCount "67"]

1. d4 Nf6 2. Nf3 g6 3. Bf4 Bg7 4. e3 O-O 5. h3 d6 6. Be2 Nbd7 7. O-O Qe8 8. c4
e5 9. Bh2 Ne4 10. Nbd2 Nxd2 11. Qxd2 e4 12. Ne1 Qe7 13. b4 a5 14. bxa5 Qg5 15.
a6 b6 16. Bf4 Qa5 17. Qxa5 bxa5 18. Nc2 Bxa6 19. Na3 Nb6 20. Nb5 Bxb5 21. cxb5
Nd5 22. Bg3 a4 23. Rfc1 Rfb8 24. Rc6 Ra7 25. Rac1 Bf8 26. Ra6 Rbb7 27. Bh4 Be7
28. Bc4 Rxa6 29. bxa6 Ra7 30. Bxd5 Bxh4 31. Bb7 Bd8 32. Rc4 f5 33. Rxa4 Kf8 34.
g4 1-0

[Event "Cappelle-la-Grande 2014"]
[Site "Cappelle-la-Grande (FRA)"]
[Date "????.??.??"]
[Round "6.59"]
[White "Dutreuil, Raphael"]
[Black "Leenhouts, Koen"]
[Result "0-1"]
[WhiteElo "2104"]
[BlackElo "2391"]
[PlyCount "56"]

1. d4 Nf6 2. c4 c5 3. d5 b5 4. cxb5 a6 5. e3 g6 6. Nc3 Bg7 7. Nf3 d6 8. a4 O-O
9. e4 axb5 10. Bxb5 Na6 11. O-O Nb4 12. Rb1 Ne8 13. Bd2 Nc7 14. Be2 f5 15. Bc4
Kh8 16. Re1 fxe4 17. Ng5 Nd3 18. Bxd3 exd3 19. Re4 h6 20. Rh4 Kg8 21. Nge4 g5
22. Bxg5 hxg5 23. Nxg5 Qe8 24. Qxd3 Bf5 25. Nce4 Qg6 26. Re1 Qxg5 27. Nxg5 Bxd3
28. Rxe7 Rfc8 0-1

[Event "Cappelle-la-Grande 2014"]
[Site "Cappelle-la-Grande (FRA)"]
[Date "????.??.??"]
[Round "6.60"]
[White "Berg, Klaus"]
[Black "Burille, Matthieu"]
[Result "1-0"]
[WhiteElo "2389"]
[BlackElo "2051"]
[PlyCount "73"]

1. d4 Nf6 2. Nf3 e6 3. e3 b6 4. Bd3 Bb7 5. O-O c5 6. c4 Be7 7. Nc3 Nc6 8. d5
Nb4 9. e4 exd5 10. e5 Ng4 11. Bf5 d4 12. Bxg4 dxc3 13. bxc3 Na6 14. Bf4 Nc7 15.
Qd3 Ne6 16. Bg3 h5 17. Bxe6 dxe6 18. Qe3 h4 19. Rfd1 Qc7 20. Bf4 h3 21. Ng5 Qc6
22. f3 Bxg5 23. Bxg5 hxg2 24. Kxg2 Rh5 25. h4 f6 26. Rd6 Qxf3+ 27. Qxf3 Bxf3+
28. Kxf3 fxg5 29. Rg1 Rd8 30. Rxe6+ Kf7 31. Rc6 Rxh4 32. Rxg5 Rg8 33. Rf5+ Ke7
34. e6 Rf8 35. Rc7+ Kd6 36. Rxf8 Kxc7 37. e7 1-0